| 000 | 01639nam a2200505 i 4500 | ||
|---|---|---|---|
| 001 | 44808 | ||
| 003 | KOSZ 005 | ||
| 005 | 20220506094042.0 | ||
| 008 | 040914s2004 pl a |001 0 pol | ||
| 015 | _aUWD 2004/17883 | ||
| 020 | _a8302074748 | ||
| 035 | _a991024764149705066 | ||
| 035 | _a(PL-WaBN)b16755236-48omnis_nlop | ||
| 035 | _ab16755236 | ||
| 035 | _a(OCoLC)749522332 | ||
| 035 | _azz2004952291 | ||
| 035 | _a(PL)b0000001675523 | ||
| 035 | _a(EXLNZ-48OMNIS_NETWORK)9910247511705606 | ||
| 040 |
_aWA N _cWA N _dKOSZ 005/HR |
||
| 046 | _k2004 | ||
| 080 | _a37.091.3-027,236 | ||
| 080 | _a37.091.26 | ||
| 080 | _a(07) | ||
| 100 | 1 |
_aNiemierko, Bolesław _d(1935- ) _eAutor |
|
| 245 | 1 | 0 |
_aPomiar wyników kształcenia / _cBolesław Niemierko. |
| 250 | _aWyd. 4. | ||
| 260 |
_aWarszawa : _bWydawnictwa Szkolne i Pedagogiczne, _c[2004]. |
||
| 300 |
_a312 s. : _btab., wykr. ; _c24 cm. |
||
| 336 |
_aTekst _btxt _2rdacontent |
||
| 337 |
_aBez urządzenia pośredniczącego _bn _2rdamedia |
||
| 338 |
_aWolumin _bnc _2rdacarrier |
||
| 380 | _aKsiążki | ||
| 388 | _a2001- | ||
| 490 | 1 | _aLiteratura Pedagogiczna | |
| 504 | _aBibliogr. s. 305-312. Indeksy. | ||
| 650 | 7 | _aEfektywność nauczania | |
| 655 | 7 |
_aPodręcznik _2DBN |
|
| 655 | 7 |
_aSprawdziany i testy _2DBN |
|
| 658 | _aEdukacja i pedagogika | ||
| 710 | 2 |
_aWydawnictwa Szkolne i Pedagogiczne _4pbl |
|
| 830 | 0 | _aLiteratura Pedagogiczna | |
| 856 |
_uhttp://koha.tu.koszalin.pl/cgi-bin/koha/opac-detail.pl?biblionumber=44808 _yKatalog online BPK |
||
| 942 |
_2UKD _cKS |
||
| 999 |
_c44808 _d44808 |
||